000 00693nam a22001817a 4500
003 BUBTL
008 190429b xxu||||| |||| 00| 0 eng d
020 _a984-483-244-6
082 _a954.92 / HAB
100 _92307
_aহাসান, খন্দকার মাহমুদুল
245 _aপ্রথম বাংলাদেশ কোষ ।। ১
_cখন্দকার মাহমুদুল হাসান
260 _aঢাকা :
_bদিব্য প্রকাশ,
_cc2006
300 _a775 p. :
_bill. ;
_c22 cm.
650 0 _91755
_aমুক্তিযুদ্ধ
856 _k0
_l0
_yDownload
942 _2ddc
_cBK
999 _c6004
_d6004